Diseño de organizaciones eficientes

Spremljeno u:
Bibliografski detalji
Glavni autor: Mintzberg, Henry (autor)
Format: Knjiga
Jezik:španjolski
Izdano: Buenos Aires El Ateneo 1989
Izdanje:1a. ed
Teme:
Oznake: Dodaj oznaku
Bez oznaka, Budi prvi tko označuje ovaj zapis!

MARC

LEADER 00000cam a2200000 a 4500
001 UCD6903
003 CL-VaPUC
008 170303e19890000ag |||||||||||||||||spa|d
020 |a 9500236117 
082 0 4 |a 658.403  |b MIN  |2 21 
100 |a Mintzberg, Henry  |e autor  |9 590780 
245 1 0 |a Diseño de organizaciones eficientes 
250 |a 1a. ed 
300 |a 254 p 
942 |c BK 
945 |d 20170303 17:35:00  |a dcastane 
260 |a Buenos Aires  |b El Ateneo  |c 1989 
650 7 |a DISEÑO ORGANIZACIONAL  |2 CL-VaPUC  |9 410550 
650 0 |a Cambio organizacional   |9 260741 
583 |a last modification  |c 20170303 17:35:00  |k Rodrigo Vera 
999 |c 367080  |d 367078 
952 |0 0  |1 0  |3 erb  |4 0  |6 658_403000000000000_MIN_1989  |7 0  |8 A  |9 481763  |a BIBENE  |b BIBENE  |i 5329485  |o 658.403 MIN 1989  |p 5329485  |r 2025-01-15  |w 2019-11-24  |y BK  |z Catalogado en:20170303  |k ICO